00711nam a2200241 a 4500001001300000003000900013005001700022008004100039020002300080082001300103100001500116245002800131260004000159300001000199500003500209505003900244650002300283700001500306902000800321942000700329952011600336999001700452nice12345678IN_TiNIC20260116014937.0050524s1997 newa grp 000 0 eng  a0393094 c60800a190bRYA aRyan, Alan aMill;texts Commentaries aNew YorkbW.W.Norton and Co. c1997 a365p. aincludes index and biblioraphy2 aElementary Grammar of the Language aPhilosophy-Western1 aRyan, Alan bSRS cBK 001040708StackRoom-aHMIbHMId2008-05-05g608.00l0o190 RYAp11001018r2008-05-05v608.00w2005-05-24yBK c17650d17650